000
00269nam a2200133Ia 4500
100
_a
Warford/ H.S.
942
_c
BK
654
_a
print production
245
_a
Design for print production
260
_b
none
082
_a
686.2
300
_a
358
546
_a
ENGLISH
999
_c
28276
_d
28276